|
|
|
|
| LEADER |
00000nam0a2200000 4500 |
| 001 |
301153 |
| 005 |
20231102001355.0 |
| 035 |
|
|
|a (RuTPU)RU\TPU\book\326306
|
| 090 |
|
|
|a 301153
|
| 100 |
|
|
|a 20150724d1982 km y0rusy50 ca
|
| 101 |
0 |
|
|a rus
|
| 102 |
|
|
|a UA
|
| 105 |
|
|
|a a z 001zy
|
| 200 |
1 |
|
|a Вулканогенно-осадочные железорудные месторождения складчатых областей
|e [сборник]
|f Академия наук Украинской ССР (АН УССР), Институт геохимии и физики минералов ; под ред. Я. Н. Белевцева
|
| 210 |
|
|
|a Киев
|c Наукова думка
|d 1982
|
| 215 |
|
|
|a 188 с.
|c ил.
|
| 320 |
|
|
|a Библиогр.: с. 184-187
|
| 606 |
1 |
|
|a Железорудные месторождения
|x Геология
|2 stltpush
|3 (RuTPU)RU\TPU\subj\10758
|9 37787
|
| 610 |
1 |
|
|a складчатые области
|
| 610 |
1 |
|
|a вулканогены
|
| 610 |
1 |
|
|a осадочные месторождения
|
| 610 |
1 |
|
|a магнетитовые месторождения
|
| 610 |
1 |
|
|a генезис
|
| 610 |
1 |
|
|a металлогения
|
| 610 |
1 |
|
|a геосинклиналии
|
| 610 |
1 |
|
|a Урал
|
| 610 |
1 |
|
|a локализация
|
| 610 |
1 |
|
|a метаморфизм
|
| 675 |
|
|
|a 553.31
|v 3
|
| 702 |
|
1 |
|a Белевцев
|b Я. Н.
|4 340
|
| 712 |
0 |
2 |
|a Академия наук Украинской ССР (АН УССР)
|b Институт геохимии и физики минералов
|2 stltpush
|3 (RuTPU)RU\TPU\col\13747
|
| 801 |
|
1 |
|a RU
|b 63413507
|c 20150724
|
| 801 |
|
2 |
|a RU
|b 63413507
|c 20190305
|g RCR
|
| 942 |
|
|
|c BK
|